000 00425nam a2200193Ia 4500
008 240510s9999 xx 000 0 und d
020 _a0007173664757
041 _aEng
082 _a006.76
082 _bW13
100 _aWAINWRIGHT P.
245 0 _aPROFESSIONAL APACHE 2.0
260 _bNEW DELHI : WROX
260 _c2002
300 _a873 p.
650 _aAPACHE : WEB SERVERS
942 _2ddc
942 _cRBK
999 _c27041
_d27041
945 _a1
_bMadushi Gamage
_c1
_dMadushi Gamage